000 01910cam a22004214i 4500
003 PE-LiUPU
005 20250731173215.0
008 150625s r 000 0 d
035 _a(Sirsi) a32788
040 _aPE-LiUPU
_bspa
_cPE-LiUPU
_erda
049 _aPRUA
082 0 4 _a220.601
_bM385h
_223
100 1 _aMartínez, José M.,
_eautor.
_96030
245 1 0 _aHermeneutica biblica /
_cpor José M. Matrínez.
300 _a591 páginas ;
_c23 cm
336 _atext
_2rdacontent
337 _aunmediated
_2rdamedia
338 _avolume
_2rdacarrier
504 _aIncluye bibliografía básica, índice de materias e índice onomástico.
505 _aConsideraciones fundamentales -- Naturaleza y características de la Biblia -- Métodos de interpretación bíblica -- La interpretación liberal -- Método histórico-crítico -- Método teológico-existencial -- La nueva hermenéutica -- Método gramático-histórico -- Análisis lingüístico del texto -- Contexto y pasajes paralelos -- Lenguaje figurado -- Tipos y símbolos -- Estudio del fondo histórico -- Interpretación teológica -- Interpretación del Antiguo Testamento -- Textos narrativos -- Textos proféticos -- Textos poéticos -- Libros sapienciales -- Interpretación del Nuevo Testamento -- Los Evangelios -- La persona de Jesucristo -- Los milagros -- Las enseñanzas de Jesús -- Las parábolas -- Hechos de los Apóstoles -- Epístolas -- El Apocalipsis -- Exégesis y actualización -- Apéndice.
526 _aSEG42
526 _aSEG41
526 _aSEG40
526 _aSEG39
526 _aP94
526 _aP87
526 _aP86
526 _aP85
526 _aP77
526 _aP76
526 _aP35
650 1 4 _aHermenéutica bíblica.
_9599
942 _2ddc
_cBK
980 _81
_gALBERTO SANCHEZ Responsable de Automatización
999 _c40478
_d40478